Central Library OPAC University of Rajshahi

Economic problems of underdeveloped countries in Asia / (Record no. 45569)

MARC details
000 -LEADER
fixed length control field 00697nam a2200229 a 4500
001 - CONTROL NUMBER
control field 45569
003 - CONTROL NUMBER IDENTIFIER
rucl marc code BD-RjUL
005 - DATE AND TIME OF LATEST TRANSACTION
control field 20211209054032.0
008 - FIXED-LENGTH DATA ELEMENTS--GENERAL INFORMATION
fixed length control field 160727s1953 enk 001 0 eng d
035 ## - SYSTEM CONTROL NUMBER
System control number (BD-RjUL)45687
040 ## - CATALOGING SOURCE
Original cataloging agency DLC
Transcribing agency EXK
Modifying agency OCL
-- UKM
-- EQO
-- BD-RjUL
Language of cataloging eng
041 ## - LANGUAGE CODE
Language code of text/sound track or separate title eng
082 ## - DEWEY DECIMAL CLASSIFICATION NUMBER
Classification number 330.95
Edition number 23
Author mark and year ECO 1953
245 10 - TITLE STATEMENT
Title Economic problems of underdeveloped countries in Asia /
Statement of responsibility, etc. edited by, B. K. Madan
260 ## - PUBLICATION, DISTRIBUTION, ETC. (IMPRINT)
Place of publication, distribution, etc. New York :
Name of publisher, distributor, etc. Russell & Russell,
Date of publication, distribution, etc. 1953
300 ## - PHYSICAL DESCRIPTION
Pagination iv, 290 p. ;
Size 26 cm.
500 ## - GENERAL NOTE
General note Includes Index
651 #0 - SUBJECT ADDED ENTRY--GEOGRAPHIC NAME
Geographic name Asia
General subdivision Economic conditions
Chronological subdivision 1918-
9 (RLIN) 139494
Geographic name Developing countries
9 (RLIN) 139495
700 ## - ADDED ENTRY--PERSONAL NAME
Personal name Madan, B. K.
942 ## - ADDED ENTRY ELEMENTS (KOHA)
Source of classification or shelving scheme Dewey Decimal Classification
Koha item type Books
Holdings
Lost status Source of classification or shelving scheme Damaged status Not for loan Collection code Permanent Location Current Location Shelving location Date acquired Source of acquisition Total Checkouts Full call number Date last seen Copy number Koha item type
  Dewey Decimal Classification     Non-fiction Central Library, University of Rajshahi Central Library, University of Rajshahi   06/10/1985 Gift   330.95 ECO 1953 27/07/2016 C-2 Books